| 000 | 01402nam a2200445 i 4500 | ||
|---|---|---|---|
| 001 | 17885 | ||
| 003 | KOSZ 005 | ||
| 005 | 20240405063026.0 | ||
| 008 | 020718s1977 pl a f |001 0 pol | ||
| 015 | _aPB 1978/6177 | ||
| 035 | _a991018888169705066 | ||
| 035 | _a(PL-WaBN)b15118332-48omnis_nlop | ||
| 035 | _ab15118332 | ||
| 035 | _a(OCoLC)831045912 | ||
| 035 | _a(PL)b0000001511833 | ||
| 035 | _a(EXLNZ-48OMNIS_NETWORK)9910037725705606 | ||
| 040 |
_aWA N _cWA N _dKOSZ 005/EG _dKOSZ 005/HR |
||
| 046 | _k1977 | ||
| 080 | _a72 | ||
| 080 | _a(438) | ||
| 080 | _a(084.1) | ||
| 100 | 1 |
_aSzafer, Przemysław Tadeusz _d(1920-2017) _eAutor |
|
| 245 | 1 | 0 |
_aPolska architektura współczesna / _cPrzemysław Szafer. |
| 260 |
_aWarszawa : _b"Interpress", _c1977. |
||
| 300 |
_a151, [1] s. : _bil., err. ; _c24 cm. |
||
| 336 |
_2rdacontent _aTekst _btxt |
||
| 337 |
_2rdamedia _aBez urządzenia pośredniczącego _bn |
||
| 338 |
_2rdacarrier _aWolumin _bnc |
||
| 380 | _aKsiążki | ||
| 388 | _a1901-2000 | ||
| 388 | _a1945-1989 | ||
| 504 | _aIndeks. | ||
| 648 | 7 |
_a1901-2000 _2DBN |
|
| 655 | 7 | _aArchitektura polska | |
| 658 | _aArchitektura i budownictwo | ||
| 710 | 2 | _aWydawnictwo Interpress | |
| 856 |
_uhttp://koha.tu.koszalin.pl/cgi-bin/koha/opac-detail.pl?biblionumber=17885 _yKatalog online BPK |
||
| 942 |
_2UKD _cKS |
||
| 999 |
_c17885 _d17885 |
||